000 00421nam a22001337a 4500
020 _qPB,.
040 _cFIZZA ISHAQ
082 _a973
_bHER
100 _aHerskowitz , Herbert.
_9133770
245 _aA Guide to Reading in American History: The Unit Approach /
_c Herbert Herskowitz.
260 _aNew York:
_bA Signet Book/ New American Library,
_c1966.
300 _a236 P. ;
_c6.76 x 4.2 x 0.94 inches
942 _2ddc
_cBK
999 _c616730
_d616730